[Event "Burjassot U2200 op 5th"]
[Site "Burjassot"]
[Date "2017.09.08"]
[Round "1"]
[White "Pedrero Gil, Francisco"]
[Black "Montoya Meson, Jose Miguel"]
[Result "1-0"]
[WhiteElo "1652"]
[BlackElo "1276"]
[PlyCount "69"]
[EventDate "2017.09.08"]
[EventType "swiss"]
[EventRounds "7"]
[EventCountry "ESP"]
[SourceTitle "EXT 2024"]
[Source "ChessBase"]
[SourceDate "2023.10.10"]
[SourceVersion "1"]
[SourceVersionDate "2023.10.10"]
[SourceQuality "1"]

1. d4 d5 2. c4 e6 3. Nc3 Nf6 4. Bg5 c6 5. e3 Be7 6. Nf3 Nbd7 7. Be2 Nh5 8. Bxe7 Qxe7 9. Ne5 Qg5 10. Nxd7 Bxd7 11. Bxh5 dxc4 12. Bf3 0-0 13. 0-0 a6 14. Ne4 Qe7 15. Nc5 Bc8 16. Qc2 Ra7 17. Qxc4 b6 18. Nd3 f6 19. Qxc6 a5 20. Qxb6 Ba6 21. Rfd1 Rd8 22. Nc5 Bc8 23. a3 Rd6 24. Qb3 a4 25. Nxa4 Kf8 26. Nc5 e5 27. Qc3 Rc7 28. b4 e4 29. Bxe4 f5 30. Bf3 Be6 31. d5 Bc8 32. a4 Rb6 33. a5 Rg6 34. Qd4 Qg5 35. a6 1-0